Statistiques concernant Filmographie de David Lean

Cliquez ici pour prendre le quiz!

Statistiques générales

  • Ce quiz a été pris 13 fois
  • Le résultat moyen est 11 sur 16

Statistiques - réponses

HintRéponse% Correct
1945Brève Rencontre (Brief Encounter)
100%
1970La Fille de Ryan (Ryan's Daughter)
100%
1962Lawrence d'Arabie (Lawrence of Arabia)
100%
1957Le Pont de la rivière Kwaï (The Bridge on the River Kwai)
100%
1984La Route des Indes (A Passage to India)
90%
1965Le Docteur Jivago (Doctor Zhivago)
90%
1945L'esprit s'amuse (Blithe Spirit)
90%
1955Vacances à Venise (Summertime)
90%
1954Chaussure à son pied (Hobson's Choice)
80%
1946Les Grandes Espérances (Great Expectations)
80%
1948Oliver Twist
80%
1942Ceux qui servent en mer (In Which We Serve)
50%
1952Le Mur du son (The Sound Barrier)
30%
1950Madeleine
30%
1944Heureux Mortels (This Happy Breed)
10%
1949Les Amants passionnés (The Passionate Friends)
10%

Distribution des résultats

Percentile par nombre de réponses

% des personnes avec chaque résultat

Votre développement - résultats

Vous n’avez pas pris ce quiz